Villes françaises et régions (lettre H/I) - Statistiques

Statistiques générales
  • Ce quiz a été pris 14 fois
  • Le résultat moyen est 17 sur 25
Statistiques - réponses
Hint Réponse % Correct
Haguenau Grand Est
100%
Illkirch-Graffenstaden Grand Est
100%
Hénin-Beaumont Hauts-de-France
100%
Issy-les-Moulineaux Île-de-France
100%
Hyères Provence-Alpes-Côte-d'Azur
100%
Herblay-sur-Seine Île-de-France
91%
Ivry-sur-Seine Île-de-France
91%
Hendaye Nouvelle-Aquitaine
91%
Issoire Auvergne-Rhône-Alpes
82%
Honfleur Normandie
82%
Istres Provence-Alpes-Côte-d'Azur
82%
Hérouville-Saint-Clair Normandie
73%
Hazebrouck Hauts-de-France
64%
Isigny-sur-Mer Normandie
64%
Issoudun Centre-Val-de-Loire
55%
Hem Hauts-de-France
55%
Ifs Normandie
55%
Ille-sur-Têt Occitanie
55%
Is-sur-Tille Bourgogne-Franche-Comté
45%
Hennebont Bretagne
45%
Hirson Hauts-de-France
45%
Houilles Île-de-France
45%
Hagetmau Nouvelle-Aquitaine
45%
Hauterives Auvergne-Rhône-Alpes
27%
Indre Pays de la Loire
18%
Aucun quiz correspondant
Distribution des résultats
% des personnes avec chaque résultat
Percentile par nombre de réponses
Votre historique - résultats
Vous n’avez pas pris ce quiz